000
00316nam a22001337a 4500
020
_a
978-93-5176-015-3
082
_a
574
_b
BAT/E
100
_a
HEMA BATRA, PRIDHI BHATIA
245
_a
ALL IN ONE BIOLOGY
_b
CLASS XII
260
_a
MEERUT
_b
ARIHANT
300
_a
488
650
_a
BIOLOGY FOR CLASS XII
_z
INDIA
942
_c
BK
999
_c
724
_d
724